<?xml version="1.0" encoding="UTF-8"?>
<collection xmlns="http://www.loc.gov/MARC21/slim">
 <record>
  <leader>03548nas a2200565   4500</leader>
  <controlfield tag="001">1/50105</controlfield>
  <controlfield tag="008">930920s19--9999gr arzp       0   g0gre d</controlfield>
  <datafield tag="022" ind1=" " ind2=" ">
   <subfield code="a">0259-997Χ</subfield>
  </datafield>
  <datafield tag="035" ind1=" " ind2=" ">
   <subfield code="l">2519</subfield>
  </datafield>
  <datafield tag="040" ind1=" " ind2=" ">
   <subfield code="a">GR-PeUP</subfield>
  </datafield>
  <datafield tag="090" ind1=" " ind2=" ">
   <subfield code="a">Αλφαβητική σειρά</subfield>
  </datafield>
  <datafield tag="245" ind1="0" ind2="0">
   <subfield code="a">Προσωρινοί εθνικοί λογαριασμοί της Ελλάδος = provisional national accounts of Greece</subfield>
  </datafield>
  <datafield tag="260" ind1=" " ind2=" ">
   <subfield code="a">Αθήνα :</subfield>
   <subfield code="b">Εθνική Στατιστική Υπηρεσία της Ελλάδος,</subfield>
   <subfield code="c">[19--]-</subfield>
  </datafield>
  <datafield tag="300" ind1=" " ind2=" ">
   <subfield code="a">τ. :</subfield>
   <subfield code="b">εικ.;</subfield>
   <subfield code="c">30 εκ.</subfield>
  </datafield>
  <datafield tag="310" ind1=" " ind2=" ">
   <subfield code="a">Ετήσιο</subfield>
  </datafield>
  <datafield tag="362" ind1="0" ind2=" ">
   <subfield code="a">1975-</subfield>
  </datafield>
  <datafield tag="546" ind1=" " ind2=" ">
   <subfield code="a">Ελληνική</subfield>
  </datafield>
  <datafield tag="650" ind1=" " ind2="4">
   <subfield code="a">Εθνικοί λογαριασμοί</subfield>
   <subfield code="z">Ελλάδα</subfield>
   <subfield code="v">Περιοδικά.</subfield>
  </datafield>
  <datafield tag="852" ind1=" " ind2=" ">
   <subfield code="a">INST</subfield>
   <subfield code="b">UNIPILB</subfield>
   <subfield code="c">SERIALS</subfield>
   <subfield code="e">20051115</subfield>
   <subfield code="h">Αλφαβητική σειρά</subfield>
   <subfield code="p">48397</subfield>
   <subfield code="q">48397</subfield>
   <subfield code="t">NOLOAN</subfield>
   <subfield code="v">(Έτος)1975:</subfield>
   <subfield code="y">23</subfield>
  </datafield>
  <datafield tag="852" ind1=" " ind2=" ">
   <subfield code="a">INST</subfield>
   <subfield code="b">UNIPILB</subfield>
   <subfield code="c">SERIALS</subfield>
   <subfield code="e">20051115</subfield>
   <subfield code="h">Αλφαβητική σειρά</subfield>
   <subfield code="p">48398</subfield>
   <subfield code="q">48398</subfield>
   <subfield code="t">NOLOAN</subfield>
   <subfield code="v">(Έτος)1980:</subfield>
   <subfield code="y">23</subfield>
  </datafield>
  <datafield tag="852" ind1=" " ind2=" ">
   <subfield code="a">INST</subfield>
   <subfield code="b">UNIPILB</subfield>
   <subfield code="c">SERIALS</subfield>
   <subfield code="e">20051115</subfield>
   <subfield code="h">Αλφαβητική σειρά</subfield>
   <subfield code="p">48399</subfield>
   <subfield code="q">48399</subfield>
   <subfield code="t">NOLOAN</subfield>
   <subfield code="v">(Έτος)1981:</subfield>
   <subfield code="y">23</subfield>
  </datafield>
  <datafield tag="852" ind1=" " ind2=" ">
   <subfield code="a">INST</subfield>
   <subfield code="b">UNIPILB</subfield>
   <subfield code="c">SERIALS</subfield>
   <subfield code="e">20051115</subfield>
   <subfield code="h">Αλφαβητική σειρά</subfield>
   <subfield code="p">48400</subfield>
   <subfield code="q">48400</subfield>
   <subfield code="t">NOLOAN</subfield>
   <subfield code="v">(Έτος)1982:</subfield>
   <subfield code="y">23</subfield>
  </datafield>
  <datafield tag="852" ind1=" " ind2=" ">
   <subfield code="a">INST</subfield>
   <subfield code="b">UNIPILB</subfield>
   <subfield code="c">SERIALS</subfield>
   <subfield code="e">20051115</subfield>
   <subfield code="h">Αλφαβητική σειρά</subfield>
   <subfield code="p">48401</subfield>
   <subfield code="q">48401</subfield>
   <subfield code="t">NOLOAN</subfield>
   <subfield code="v">(Έτος)1983:</subfield>
   <subfield code="y">23</subfield>
  </datafield>
  <datafield tag="852" ind1=" " ind2=" ">
   <subfield code="a">INST</subfield>
   <subfield code="b">UNIPILB</subfield>
   <subfield code="c">SERIALS</subfield>
   <subfield code="e">20051115</subfield>
   <subfield code="h">Αλφαβητική σειρά</subfield>
   <subfield code="p">48402</subfield>
   <subfield code="q">48402</subfield>
   <subfield code="t">NOLOAN</subfield>
   <subfield code="v">(Έτος)1984:</subfield>
   <subfield code="y">23</subfield>
  </datafield>
  <datafield tag="852" ind1=" " ind2=" ">
   <subfield code="a">INST</subfield>
   <subfield code="b">UNIPILB</subfield>
   <subfield code="c">SERIALS</subfield>
   <subfield code="e">20051115</subfield>
   <subfield code="h">Αλφαβητική σειρά</subfield>
   <subfield code="p">48403</subfield>
   <subfield code="q">48403</subfield>
   <subfield code="t">NOLOAN</subfield>
   <subfield code="v">(Έτος)1987:</subfield>
   <subfield code="y">23</subfield>
  </datafield>
  <datafield tag="852" ind1=" " ind2=" ">
   <subfield code="a">INST</subfield>
   <subfield code="b">UNIPILB</subfield>
   <subfield code="c">SERIALS</subfield>
   <subfield code="e">20051115</subfield>
   <subfield code="h">Αλφαβητική σειρά</subfield>
   <subfield code="p">48404</subfield>
   <subfield code="q">48404</subfield>
   <subfield code="t">NOLOAN</subfield>
   <subfield code="v">(Έτος)1988:</subfield>
   <subfield code="y">23</subfield>
  </datafield>
  <datafield tag="852" ind1=" " ind2=" ">
   <subfield code="a">INST</subfield>
   <subfield code="b">UNIPILB</subfield>
   <subfield code="c">SERIALS</subfield>
   <subfield code="e">20051115</subfield>
   <subfield code="h">Αλφαβητική σειρά</subfield>
   <subfield code="p">48405</subfield>
   <subfield code="q">48405</subfield>
   <subfield code="t">NOLOAN</subfield>
   <subfield code="v">(Έτος)1989:</subfield>
   <subfield code="y">23</subfield>
  </datafield>
  <datafield tag="852" ind1=" " ind2=" ">
   <subfield code="a">INST</subfield>
   <subfield code="b">UNIPILB</subfield>
   <subfield code="c">SERIALS</subfield>
   <subfield code="e">20051115</subfield>
   <subfield code="h">Αλφαβητική σειρά</subfield>
   <subfield code="p">48406</subfield>
   <subfield code="q">48406</subfield>
   <subfield code="t">NOLOAN</subfield>
   <subfield code="v">(Έτος)1992:</subfield>
   <subfield code="y">23</subfield>
  </datafield>
  <datafield tag="852" ind1=" " ind2=" ">
   <subfield code="a">INST</subfield>
   <subfield code="b">UNIPILB</subfield>
   <subfield code="c">SERIALS</subfield>
   <subfield code="e">20051115</subfield>
   <subfield code="h">Αλφαβητική σειρά</subfield>
   <subfield code="p">48407</subfield>
   <subfield code="q">48407</subfield>
   <subfield code="t">NOLOAN</subfield>
   <subfield code="v">(Έτος)1990:</subfield>
   <subfield code="y">23</subfield>
  </datafield>
  <datafield tag="852" ind1=" " ind2=" ">
   <subfield code="a">INST</subfield>
   <subfield code="b">UNIPILB</subfield>
   <subfield code="c">SERIALS</subfield>
   <subfield code="e">20051115</subfield>
   <subfield code="h">Αλφαβητική σειρά</subfield>
   <subfield code="p">48408</subfield>
   <subfield code="q">48408</subfield>
   <subfield code="t">NOLOAN</subfield>
   <subfield code="v">(Έτος)1991:</subfield>
   <subfield code="y">23</subfield>
  </datafield>
  <datafield tag="852" ind1=" " ind2=" ">
   <subfield code="a">INST</subfield>
   <subfield code="b">UNIPILB</subfield>
   <subfield code="c">SERIALS</subfield>
   <subfield code="e">20051115</subfield>
   <subfield code="h">Αλφαβητική σειρά</subfield>
   <subfield code="p">48409</subfield>
   <subfield code="q">48409</subfield>
   <subfield code="t">NOLOAN</subfield>
   <subfield code="v">(Έτος)1994:</subfield>
   <subfield code="y">23</subfield>
  </datafield>
  <datafield tag="852" ind1=" " ind2=" ">
   <subfield code="a">INST</subfield>
   <subfield code="b">UNIPILB</subfield>
   <subfield code="c">SERIALS</subfield>
   <subfield code="e">20051115</subfield>
   <subfield code="h">Αλφαβητική σειρά</subfield>
   <subfield code="p">48410</subfield>
   <subfield code="q">48410</subfield>
   <subfield code="t">NOLOAN</subfield>
   <subfield code="v">(Έτος)1996:</subfield>
   <subfield code="y">23</subfield>
  </datafield>
  <datafield tag="852" ind1=" " ind2=" ">
   <subfield code="a">INST</subfield>
   <subfield code="b">UNIPILB</subfield>
   <subfield code="c">SERIALS</subfield>
   <subfield code="e">20051115</subfield>
   <subfield code="h">Αλφαβητική σειρά</subfield>
   <subfield code="p">48411</subfield>
   <subfield code="q">48411</subfield>
   <subfield code="t">NOLOAN</subfield>
   <subfield code="v">(Έτος)1997:</subfield>
   <subfield code="y">23</subfield>
  </datafield>
  <datafield tag="856" ind1="4" ind2="1">
   <subfield code="u">http://dlib.statistics.gr/portal/page/portal/ESYE/categoryyears?p_cat=10007942&amp;p_topic=10007942</subfield>
  </datafield>
  <datafield tag="900" ind1=" " ind2=" ">
   <subfield code="a">(1998)</subfield>
   <subfield code="b">Οφειλόμενο</subfield>
   <subfield code="c">28/11/2005</subfield>
  </datafield>
  <datafield tag="900" ind1=" " ind2=" ">
   <subfield code="a">(1976)</subfield>
   <subfield code="b">Οφειλόμενο</subfield>
   <subfield code="c">28/11/2005</subfield>
  </datafield>
  <datafield tag="900" ind1=" " ind2=" ">
   <subfield code="a">(1977)</subfield>
   <subfield code="b">Οφειλόμενο</subfield>
   <subfield code="c">28/11/2005</subfield>
  </datafield>
  <datafield tag="900" ind1=" " ind2=" ">
   <subfield code="a">(1978)</subfield>
   <subfield code="b">Οφειλόμενο</subfield>
   <subfield code="c">28/11/2005</subfield>
  </datafield>
  <datafield tag="900" ind1=" " ind2=" ">
   <subfield code="a">(1979)</subfield>
   <subfield code="b">Οφειλόμενο</subfield>
   <subfield code="c">28/11/2005</subfield>
  </datafield>
  <datafield tag="900" ind1=" " ind2=" ">
   <subfield code="a">(1985)</subfield>
   <subfield code="b">Οφειλόμενο</subfield>
   <subfield code="c">28/11/2005</subfield>
  </datafield>
  <datafield tag="900" ind1=" " ind2=" ">
   <subfield code="a">(1986)</subfield>
   <subfield code="b">Οφειλόμενο</subfield>
   <subfield code="c">28/11/2005</subfield>
  </datafield>
  <datafield tag="900" ind1=" " ind2=" ">
   <subfield code="a">(1993)</subfield>
   <subfield code="b">Οφειλόμενο</subfield>
   <subfield code="c">28/11/2005</subfield>
  </datafield>
  <datafield tag="900" ind1=" " ind2=" ">
   <subfield code="a">(1995)</subfield>
   <subfield code="b">Οφειλόμενο</subfield>
   <subfield code="c">28/11/2005</subfield>
  </datafield>
  <datafield tag="950" ind1=" " ind2=" ">
   <subfield code="a">01/01/1975</subfield>
   <subfield code="c">ΔΩΡΕΑ ΠΕΡΙΟΔΙΚΩΝ</subfield>
   <subfield code="d">628</subfield>
  </datafield>
  <datafield tag="951" ind1=" " ind2=" ">
   <subfield code="a">(1996) - (1997)</subfield>
   <subfield code="b">Main run</subfield>
  </datafield>
  <datafield tag="951" ind1=" " ind2=" ">
   <subfield code="a">(1975) - (1975)</subfield>
   <subfield code="b">Main run</subfield>
  </datafield>
  <datafield tag="951" ind1=" " ind2=" ">
   <subfield code="a">(1980) - (1984)</subfield>
   <subfield code="b">Main run</subfield>
  </datafield>
  <datafield tag="951" ind1=" " ind2=" ">
   <subfield code="a">(1987) - (1992)</subfield>
   <subfield code="b">Main run</subfield>
  </datafield>
  <datafield tag="951" ind1=" " ind2=" ">
   <subfield code="a">1988  (Σεπτέμβριος 1989)</subfield>
   <subfield code="b">Main run</subfield>
  </datafield>
  <datafield tag="951" ind1=" " ind2=" ">
   <subfield code="a">(1994)</subfield>
   <subfield code="b">Main run</subfield>
  </datafield>
 </record>
</collection>
